000 02032nam a22002777a 4500
999 _c58920
_d58920
003 Ge_BSU
005 20221019121525.0
008 221019s2021 ge ||||| |||| 00| 0 geo d
020 _a9789941479847
041 _ageo
080 _a340.1(479.22) + 342.537(479.22) მ-43
100 _aმაჭარაძე, ზურაბ
_98184
245 _aკანონმდებლობის შექმნა :
_bთეორია და პრაქტიკა /
_cზურაბ მაჭარაძე, ანა ნაცვლიშვილი, ვახტანგ ხმალაძე ; საერთო რედაქცია ვახტანგ ხმალაძისა ; რედაქტორი გიორგი კვერენჩხილაძე ; ყდის დიზაინი და დაკაბადონება გიორგი ბაგრატიონი.
264 _aთბილისი :
_bნეკერი,
_c2021.
300 _a328 გვ. ;
_b20 სმ.
500 _aგამოცემულია საქართველოს ღია საზოგადოების ფონდის ფინანსური მხარდაჭერით.
501 _a საძიებელი: გვ. 321-327.
504 _aბიბლიოგრაფია ტექსტის შენიშვნებში და გვ. 312-317.
653 _aსაქართველოს კანონშემოქმედება.
653 _aსამართალი
700 _aნაცვლიშვილი, ანა
_eავტორი
_915358
700 _aხმალაძე, ვახტანგ
_eავტორი, რედაქტორი
_911154
700 _aკვერენჩხილაძე, გიორგი
_eრედაქტორი.
_95323
700 _aბაგრატიონი, გიორგი
_eყდის დიზაინერი
_915359
942 _2udc
_cBK